000 00815cam a22002653a 4500
001 25878
003 PGUSA
005 20140828083545.0
008 080622s2008||||xxu|||||s|||||000 | eng d
040 _aPGUSA
_beng
042 _adc
050 4 _aF1401
050 4 _aE011
100 1 _aGates, William,
_d1863-1940
245 1 0 _aCommentary Upon the Maya-Tzental Perez Codex :
_bwith a Concluding Note Upon the Linguistic Problem of the Maya Glyphs
_h[electronic resource] /
_cWilliam Gates
260 _bProject Gutenberg,
_c2008
506 _aPublic domain in the USA.
516 _aElectronic text
653 _aMaya language -- Texts
653 _aCodex Peresianus
653 _aMayas -- History
830 0 _aProject Gutenberg
_v25878
856 4 0 _uhttp://www.gutenberg.org/ebooks/25878
942 _cEB
999 _c255133
_d255133